Losowe pytania o świecie - Statystyki

Ogólne statystyki
  • Ten quiz został rozwiązany 21 razy
  • Średni wynik to 2 z 5
Statystyki odpowiedzi
Zagadnienie Odpowiedź % Poprawnych
Morze Kaspijskie to? jezioro
100%
Ile w Polsce jest miast? 1013
38%
Populacja Indii w 2022r wynosiła? 1.417mld
25%
PKB Rosji w 2022r wynosiło? 2.24T
25%
Na ile powiatów jest podzielona Polska? 314
25%
Nie znaleziono quizów pasujących do podanych kryteriów
Rozkład punktacji
Procent ludzi z każdym wynikiem
Percentyl według liczby udzielonych odpowiedzi
Twoja historia wyników
Nie rozwiązałeś tego quizu